Ciclo de novelas historia inmortal: el año 1932
Збережено в:
| Формат: | Книга |
|---|---|
| Мова: | Undetermined |
| Опубліковано: |
Pyongyang, Corea
Ediciones en Lenguas Extranjeras
1978
|
| Предмети: | |
| Теги: |
Додати тег
Немає тегів, Будьте першим, хто поставить тег для цього запису!
|
MARC
| LEADER | 00000nam a2200000Ia 4500 | ||
|---|---|---|---|
| 008 | 170316s9999 xx 000 0 und d | ||
| 090 | |a 800-K C-1c | ||
| 245 | |a Ciclo de novelas historia inmortal: el año 1932 | ||
| 260 | |a Pyongyang, Corea | ||
| 260 | |b Ediciones en Lenguas Extranjeras | ||
| 260 | |c 1978 | ||
| 300 | |a 706 páginas | ||
| 650 | |a OTRAS LITERATURAS | ||
| 650 | |a LITERATURA DE KOREA | ||
| 999 | |c 19936 |d 19936 | ||
| 040 | |a cru BVZT | ||
| 942 | |c 15 D |h 800-K C-1c |2 z | ||
